Marketing
| Nuevo Título: | Campaign |
|---|---|
| Título anterior: | Marketing (London, England : 1965) Marketfact |
| Autores Corporativos: | , |
| Formato: | Electrónico Revista |
| Lenguaje: | inglés |
| Publicado: |
London :
Haymarket Press,
©1968-
London : Haymarket Magazines Ltd. in association with the Institute of Marketing London : Institute of Marketing London : Haymarket Business Publications Ltd. |
| Materias: | |
| Acceso en línea: | Full text available from Research Library: 11/19/1987 to 05/31/2016 |
MARC
| LEADER | 00000nas a2200000 a 4500 | ||
|---|---|---|---|
| 001 | ssj0025748 | ||
| 003 | WaSeSS | ||
| 005 | 20200512172242.0 | ||
| 006 | m d | ||
| 007 | cr n | ||
| 008 | 760712d19682016enkwr p s 0 a0eng c | ||
| 010 | |a sn 86012278 |z sn 82020871 | ||
| 022 | |l 0025-3650 |y 0025-3650 | ||
| 030 | |a MARKBC | ||
| 035 | |a (WaSeSS)ssj0025748 | ||
| 037 | |b Haymarket Business Pub., 30 Lancaster Gate, London W2 3LP, UK |c £140.00 | ||
| 040 | |a QPR |b eng |c QPR |d COO |d AIP |d DLC |d NSD |d OCL |d NST |d NSD |d NST |d GUA |d NST |d IUL |d DLC |d GUA |d BSS |d NYP |d WAU |d GUA |d DLC |d OCLCQ |d CUS |d OCLCQ |d OCLCA |d OCLCQ |d OCLCF |d OCLCO |d CLU |d ZYU |d UKWOH |d RAU |d UV1 |d OCLCQ |d CPO |d OCLCQ |d WaSeSS | ||
| 042 | |a nsdp |a pcc | ||
| 043 | |a e-uk--- | ||
| 050 | 4 | |a HF5415.12.G7 |b M34 | |
| 130 | 0 | |a Marketing (London, England) | |
| 210 | 0 | |a Marketing |b (Lond.) | |
| 222 | 0 | |a Marketing |b (London) | |
| 245 | 1 | 0 | |a Marketing |h [electronic resource]. |
| 260 | |a London : |b Haymarket Press, |c ©1968- | ||
| 260 | 2 | |3 <9 Jan. 1986-> : |a London : |b Haymarket Magazines Ltd. in association with the Institute of Marketing | |
| 260 | 2 | |3 Feb. 1968- : |a London : |b Institute of Marketing | |
| 260 | 3 | |3 3 Oct. 1991- : |a London : |b Haymarket Business Publications Ltd. | |
| 310 | |a Weekly, |b Apr. 1980- | ||
| 321 | |a Monthly, |b 1968-Mar. 1980 | ||
| 362 | 0 | |a Vol. 1, no. 1 (Mar. 1968)- | |
| 362 | 1 | |a Ceased with: June 2016. | |
| 500 | |a Title from cover. | ||
| 506 | |a License restrictions may limit access. | ||
| 515 | |a Numbering dropped with May 1968; resumed with v. 1, no. 2 on Apr. 23, 1980. | ||
| 515 | |a Issues for Apr. 23, 1980-<Dec. 17, 1980> identified by vol. and running number; beginning with 1981 each vol. begins again with no. 1. | ||
| 525 | |a Some issues accompanied by special editions. | ||
| 580 | |a Absorbed: Marketfact in 1980. | ||
| 580 | |a Absorbed by: Campaign in spring 2016. | ||
| 588 | |a Latest issue consulted: May 1, 2016 (surrogate). | ||
| 650 | 0 | |a Marketing |z Great Britain |v Periodicals. | |
| 650 | 0 | |a Marketing |v Periodicals. | |
| 650 | 0 | |a Selling |v Periodicals. | |
| 650 | 7 | |a Marketing. |2 fast |0 (OCoLC)fst01010167 | |
| 650 | 7 | |a Selling. |2 fast |0 (OCoLC)fst01111969 | |
| 651 | 7 | |a Great Britain. |2 fast |0 (OCoLC)fst01204623 | |
| 653 | |a Periodical | ||
| 655 | 0 | |a Electronic journals. | |
| 710 | 2 | |a Institute of Marketing and Sales Management. | |
| 710 | 2 | |a Institute of Marketing. | |
| 770 | 0 | |t BDMA/Royal Mail direct marketing awards |g <-1991> |w (DLC)sn 92024007 |w (OCoLC)23861475 | |
| 770 | 0 | |t DMA Royal Mail direct marketing awards |g <1994-> |w (DLC)sn 95029436 | |
| 770 | 0 | |t Marketing technique |g <3 July 1997-> |w (DLC)sn 97044412 |w (OCoLC)37563399 | |
| 770 | 0 | |t Marketing exhibition effectiveness awards |g 1996- |w (DLC)sn 97036099 |w (OCoLC)36302959 | |
| 770 | 0 | |t Marketing design awards |g 1996- |w (DLC) 00233823 | |
| 776 | 0 | 8 | |i Microfilm version: |t Marketing (London, England) |x 0025-3650 |w (DLC)sn 86012278 |w (OCoLC)612453956 |
| 780 | 0 | 0 | |t Marketing (London, England : 1965) |w (DLC)sn 98047737 |w (OCoLC)39153008 |
| 780 | 1 | 5 | |t Marketfact |x 0141-6812 |w (OCoLC)947088361 |
| 785 | 1 | 4 | |t Campaign |x 0008-2309 |w (DLC) 77200966 |w (OCoLC)1552661 |
| 850 | |a AU |a AzTeS |a CaOONL |a CLSU |a CoFS |a GASU |a GU |a IaAS |a INS |a InU |a NN |a NSyU |a PPD |a PU-W |a TxU |a ViBlbV |a WaU | ||
| 856 | 4 | 0 | |z Full text available from Research Library: 11/19/1987 to 05/31/2016 |u https://search.proquest.com/publication/41026 |